000 00306nam a22001337a 4500
008 180927b xxu||||| |||| 00| 0 eng d
020 _a0801610656
041 _aeng
080 _27 ED
_a617
100 _a8
101 _aORT
245 _aCambells Operative Ortopaedics
_cCrenshav.A.H
942 _2udc
_cBK
999 _c48636
_d48636